000 00540nam a22001697a 4500
003 PILC
005 20150112093425.0
008 130219t xxu||||| |||| 00| 0 eng d
020 _a9780131434943
050 _aHF 5548.4.M525
_b.G774 2004
082 _aCSFr 005.46
_bG77 2004
245 _aMicrosoft Office Word 2003. Brief
_cRobert T. Grauer, Maryann Barber
260 _aUpper Saddle River, N.J.
_bPearson / Prentice Hall
_c2004.
300 _a545 pages :
_bcolored illustration ;
_c28 cm.
500 _aIncludes index.
942 _2lcc
_cBK
999 _c14195
_d14195